Pays par images partielles de drapeaux #8 - Statistiques

Statistiques générales
  • Ce quiz a été pris 4 729 fois
  • Le résultat moyen est 12 sur 16
Statistiques - réponses
Par images Réponse % Correct
Pays-Bas
97%
Côte d'Ivoire
93%
Roumanie | Tchad
91%
Mozambique
81%
Burkina Faso
77%
Palaos
76%
Lesotho
73%
Suriname
73%
Trinité-et-Tobago
73%
Maldives
71%
Antigua-et-Barbuda
68%
Samoa
67%
Soudan du Sud
67%
Rwanda
61%
Timor Oriental
59%
Guinée Équatoriale
45%
Aucun quiz correspondant
Distribution des résultats
% des personnes avec chaque résultat
Percentile par nombre de réponses
Votre historique - résultats
Vous n’avez pas pris ce quiz